[Event "Catalunya-chT"]
[Site "Barcelona"]
[Date "2011.02.19"]
[Round "4.5"]
[White "Martin Canfran, Ruben"]
[Black "Hernando Rodrigo, Jose Maria"]
[Result "0-1"]
[WhiteElo "2196"]
[BlackElo "2313"]
[PlyCount "52"]
[EventDate "2011.01.29"]
[EventType "team-tourn"]
[EventRounds "11"]
[EventCountry "ESP"]
[SourceTitle "EXT 2012"]
[Source "ChessBase"]
[SourceDate "2011.11.24"]
[SourceVersion "1"]
[SourceVersionDate "2011.11.24"]
[SourceQuality "1"]
[WhiteTeam "Ateneu Colon"]
[BlackTeam "Montcada"]
[WhiteTeamCountry "ESP"]
[BlackTeamCountry "ESP"]

1. Nf3 g6 2. g3 Bg7 3. c4 Nf6 4. Bg2 0-0 5. 0-0 c5 6. d4 cxd4 7. Nxd4 Nc6 8. Nc3 d6 9. e3 Qa5 10. Ncb5 Bd7 11. a3 Rac8 12. b4 Qb6 13. Bb2 a6 14. Nxc6 Bxc6 15. Bxc6 Rxc6 16. Nd4 Rxc4 17. Rc1 Rfc8 18. Rxc4 Rxc4 19. Qb3 d5 20. Ne2 Ne4 21. Bxg7 Kxg7 22. Rd1 Qf6 23. f4 e6 24. Qd3 Qb2 25. Rb1 Qa2 26. f5 gxf5 0-1

[Event "Fincas Mediterranea 2nd"]
[Site "Castelldefels"]
[Date "2005.08.23"]
[Round "7"]
[White "Martin Canfran, Ruben"]
[Black "Catarineu Navines, Federico"]
[Result "1-0"]
[WhiteElo "2202"]
[BlackElo "2051"]
[PlyCount "55"]
[EventDate "2005.08.17"]
[EventType "swiss"]
[EventRounds "9"]
[EventCountry "ESP"]
[SourceTitle "CBM 107 Extra"]
[Source "ChessBase"]
[SourceDate "2005.09.01"]
[SourceVersion "1"]
[SourceVersionDate "2005.09.01"]
[SourceQuality "1"]

1. Nf3 d5 2. d4 Nf6 3. c4 c6 4. Nc3 e6 5. g3 Be7 6. Bg2 Nbd7 7. 0-0 0-0 8. b3 b6 9. Qc2 Bb7 10. Rd1 Rc8 11. e4 dxe4 12. Nxe4 Nxe4 13. Qxe4 Nf6 14. Qc2 Qc7 15. Bf4 Bd6 16. Be5 Bxe5 17. dxe5 Nd7 18. Ng5 g6 19. f4 c5 20. Bxb7 Qxb7 21. Rd6 Nb8 22. Rad1 Nc6 23. Qg2 h6 24. Nxe6 fxe6 25. Rxe6 Rf7 26. Rxg6+ Rg7 27. Rdd6 Rxg6 28. Rxg6+ 1-0

[Event "Catalunya-chT DH"]
[Site "Spain"]
[Date "2004.??.??"]
[Round "2"]
[White "Fernandez Cazorla, Antonio"]
[Black "Martin Canfran, Ruben"]
[Result "0-1"]
[WhiteElo "2241"]
[BlackElo "2186"]
[PlyCount "70"]
[EventDate "2004.??.??"]
[EventType "team"]
[EventRounds "9"]
[EventCountry "ESP"]
[SourceTitle "EXT 2007"]
[Source "ChessBase"]
[SourceDate "2006.11.23"]
[SourceVersion "1"]
[SourceVersionDate "2006.11.23"]
[SourceQuality "1"]

1. e4 c5 2. Nf3 d6 3. d4 cxd4 4. Nxd4 Nf6 5. Nc3 g6 6. Be3 Bg7 7. Be2 0-0 8. 0-0 Nc6 9. Nb3 Be6 10. f4 Rc8 11. Nd4 Nxd4 12. Bxd4 Qa5 13. Rf2 Bc4 14. e5 dxe5 15. Bxe5 Rfd8 16. Qe1 Be6 17. Kh1 Qb6 18. Rb1 Nd5 19. Nxd5 Bxd5 20. Bxg7 Kxg7 21. Bg4 e6 22. a3 h5 23. Bd1 Ba2 24. Ra1 Qxb2 25. Bxh5 Rxc2 26. Rxc2 Qxc2 27. Bf3 Qb2 28. Rc1 Bd5 29. Rb1 Qc2 30. Bxd5 Rxd5 31. h3 b6 32. Ra1 Qd2 33. Qh4 Qc3 34. Rf1 Qxa3 35. Re1 Qd6 0-1

[Event "Catalunya-chT DH"]
[Site "Spain"]
[Date "2004.??.??"]
[Round "5"]
[White "Martin Canfran, Ruben"]
[Black "Jose Queralto, Daniel"]
[Result "1/2-1/2"]
[WhiteElo "2186"]
[BlackElo "2182"]
[PlyCount "65"]
[EventDate "2004.??.??"]
[EventType "team"]
[EventRounds "9"]
[EventCountry "ESP"]
[SourceTitle "EXT 2007"]
[Source "ChessBase"]
[SourceDate "2006.11.23"]
[SourceVersion "1"]
[SourceVersionDate "2006.11.23"]
[SourceQuality "1"]

1. Nf3 d5 2. g3 c6 3. Bg2 Nd7 4. c4 Ngf6 5. d4 e6 6. Qc2 Bd6 7. 0-0 0-0 8. Rd1 Qe7 9. b3 b6 10. Nc3 Bb7 11. e4 Nxe4 12. Nxe4 dxe4 13. Qxe4 Nf6 14. Qe2 c5 15. Bb2 Rfd8 16. Rd3 cxd4 17. Nxd4 Bxg2 18. Kxg2 Qb7+ 19. Kg1 Be7 20. Rad1 Rd7 21. Nf5 Rxd3 22. Nxe7+ Qxe7 23. Qxd3 h6 24. Qd6 Re8 25. a4 Qb7 26. Qe5 Qf3 27. Qd4 Qxb3 28. a5 Rc8 29. axb6 Qxb6 30. Qxb6 axb6 31. Bxf6 gxf6 32. Rd6 Rxc4 33. Rxb6 1/2-1/2

[Event "Catalunya-chT DH"]
[Site "Spain"]
[Date "2004.??.??"]
[Round "6"]
[White "Martin Canfran, Ruben"]
[Black "Minguez Rodriguez, Raul"]
[Result "1/2-1/2"]
[WhiteElo "2186"]
[BlackElo "2171"]
[PlyCount "76"]
[EventDate "2004.??.??"]
[EventType "team"]
[EventRounds "9"]
[EventCountry "ESP"]
[SourceTitle "EXT 2007"]
[Source "ChessBase"]
[SourceDate "2006.11.23"]
[SourceVersion "1"]
[SourceVersionDate "2006.11.23"]
[SourceQuality "1"]

1. Nf3 Nf6 2. c4 e6 3. g3 c5 4. Bg2 Nc6 5. 0-0 d5 6. d4 Be7 7. Nc3 0-0 8. Bg5 dxc4 9. dxc5 Qxd1 10. Rfxd1 Bxc5 11. Bxf6 gxf6 12. Ne4 Be7 13. Rac1 Na5 14. Nd4 f5 15. Nc3 Rb8 16. a4 Bf6 17. Ndb5 a6 18. Nd6 Rd8 19. e4 fxe4 20. Ndxe4 Rxd1+ 21. Rxd1 Be7 22. Nd6 Kf8 23. Nce4 f5 24. Nc5 Bxd6 25. Rxd6 b6 26. Nd7+ Bxd7 27. Rxd7 h6 28. Bf1 Ke8 29. Ra7 Rd8 30. Rxa6 Rd6 31. h4 Ke7 32. Ra7+ Kf6 33. Rc7 Rd2 34. Bxc4 Rc2 35. b3 Nxb3 36. Rc8 Nc5 37. Bb5 Ra2 38. Rc6 Nxa4 1/2-1/2

[Event "Catalunya-chT"]
[Site "Spain"]
[Date "2003.??.??"]
[Round "8"]
[White "Martin Canfran, Ruben"]
[Black "Camps Tarres, Eduard"]
[Result "1-0"]
[WhiteElo "2191"]
[BlackElo "2058"]
[PlyCount "121"]
[EventDate "2003.??.??"]
[EventType "team"]
[EventRounds "9"]
[EventCountry "ESP"]
[SourceTitle "EXT 2007"]
[Source "ChessBase"]
[SourceDate "2006.11.23"]
[SourceVersion "1"]
[SourceVersionDate "2006.11.23"]
[SourceQuality "1"]

1. d4 Nf6 2. Nf3 g6 3. g3 Bg7 4. Bg2 d6 5. 0-0 0-0 6. c4 a6 7. Nc3 Nc6 8. h3 Rb8 9. e4 b5 10. cxb5 axb5 11. Qc2 Na5 12. Re1 c5 13. dxc5 dxc5 14. Bf4 Rb7 15. Rad1 Qb6 16. e5 Bf5 17. Qc1 Ne8 18. Nd5 Qa7 19. b3 c4 20. Be3 Qb8 21. Bc5 cxb3 22. Nxe7+ Rxe7 23. Bxe7 bxa2 24. Qa3 Nc6 25. Bxf8 Bxf8 26. Qxa2 Nb4 27. Qa5 Nc7 28. Nd4 Bd7 29. Rb1 Nd3 30. Re3 Nc5 31. Bf1 Nd5 32. Ree1 Qc8 33. Kh2 Ne6 34. Nxe6 Bxe6 35. Rbc1 Qb7 36. Qxb5 Qa7 37. Kg1 Qd4 38. Qd3 Qa7 39. Ra1 Qb8 40. Bg2 Nb6 41. Qd4 Nc4 42. Ra8 Qb4 43. Rea1 Kg7 44. Qf4 Be7 45. R1a7 g5 46. Qe4 Bc5 47. Rc7 Bxf2+ 48. Kh2 Qc3 49. Qf3 Qxf3 50. Bxf3 Nxe5 51. Be4 Ng6 52. Re8 Kf6 53. Bd3 Bb6 54. Rc6 Ne5 55. Rxb6 Nxd3 56. Rg8 Ne5 57. Rb1 Ke7 58. Rf1 g4 59. h4 Bd5 60. Re1 Kd7 61. Rxe5 1-0

[Event "Catalunya-chT"]
[Site "Spain"]
[Date "2003.??.??"]
[Round "9"]
[White "Martin Canfran, Ruben"]
[Black "Hernandez Alfonso, Francinet"]
[Result "1/2-1/2"]
[WhiteElo "2191"]
[BlackElo "2162"]
[PlyCount "77"]
[EventDate "2003.??.??"]
[EventType "team"]
[EventRounds "9"]
[EventCountry "ESP"]
[SourceTitle "EXT 2007"]
[Source "ChessBase"]
[SourceDate "2006.11.23"]
[SourceVersion "1"]
[SourceVersionDate "2006.11.23"]
[SourceQuality "1"]

1. d4 d5 2. Nf3 Nf6 3. c4 dxc4 4. Nc3 e6 5. e3 Be7 6. Bxc4 0-0 7. 0-0 Nbd7 8. Qe2 c5 9. a3 a6 10. dxc5 Nxc5 11. Rd1 Qc7 12. b4 Nce4 13. Nxe4 Nxe4 14. Bb2 b5 15. Bb3 Bf6 16. Rac1 Qb8 17. Nd4 Bb7 18. f3 Nd6 19. Nc6 Bxc6 20. Bxf6 gxf6 21. Rxc6 Nf5 22. e4 Qb7 23. Rcc1 Nh4 24. g3 Ng6 25. f4 Rac8 26. Qe3 Rxc1 27. Rxc1 Rd8 28. h4 Qd7 29. Rd1 Qc7 30. Rxd8+ Qxd8 31. h5 Ne7 32. Kf1 Nc6 33. h6 Qd4 34. Qf3 Qa1+ 35. Bd1 Nd4 36. Qg4+ Kf8 37. Kg2 Qb2+ 38. Kh3 Qf2 39. e5 1/2-1/2

[Event "Vila de Poblenou op"]
[Site "Barcelona"]
[Date "2001.08.20"]
[Round "5.6"]
[White "Lacasa Diaz, Jose Antonio"]
[Black "Martin Canfran, Ruben"]
[Result "1-0"]
[WhiteElo "2314"]
[BlackElo "2179"]
[PlyCount "59"]
[EventDate "2001.08.16"]
[EventType "swiss"]
[EventRounds "9"]
[EventCountry "ESP"]
[SourceTitle "EXT 2002"]
[Source "ChessBase"]
[SourceDate "2001.11.25"]
[SourceVersion "1"]
[SourceVersionDate "2001.11.25"]
[SourceQuality "1"]

1. e4 c5 2. Nf3 d6 3. d4 cxd4 4. Nxd4 Nf6 5. Nc3 g6 6. Be3 Bg7 7. f3 0-0 8. Qd2 Nc6 9. Bc4 Bd7 10. 0-0-0 Ne5 11. Bb3 Rc8 12. g4 a5 13. a4 Rc5 14. Qe2 Rxc3 15. bxc3 Qc7 16. g5 Nh5 17. Bd2 Rc8 18. f4 Nc4 19. Qxc4 Qxc4 20. Bxc4 Rxc4 21. Kb2 Bxa4 22. Rhe1 Bxd4 23. cxd4 Rxc2+ 24. Ka3 b5 25. Bxa5 Nxf4 26. Rc1 Rxh2 27. Rc8+ Kg7 28. d5 e5 29. Bd8 Nh5 30. Be7 1-0

[Event "Barcelona Sant Marti-A 03rd"]
[Site "Barcelona"]
[Date "2001.06.09"]
[Round "8.1"]
[White "Heredia Tarrats, Amadeo"]
[Black "Martin Canfran, Ruben"]
[Result "1/2-1/2"]
[WhiteElo "2065"]
[BlackElo "2079"]
[PlyCount "49"]
[EventDate "2001.04.21"]
[EventType "tourn"]
[EventRounds "9"]
[EventCountry "ESP"]
[SourceTitle "EXT 2002"]
[Source "ChessBase"]
[SourceDate "2001.11.25"]
[SourceVersion "1"]
[SourceVersionDate "2001.11.25"]
[SourceQuality "1"]

1. e4 c5 2. Nc3 Nc6 3. Bb5 e5 4. Bxc6 dxc6 5. d3 Nf6 6. h3 h6 7. f4 Bd6 8. Nf3 Nd7 9. Ne2 exf4 10. Nxf4 0-0 11. 0-0 Ne5 12. Be3 b6 13. Qd2 Re8 14. Nh5 Re6 15. Qf2 Qe7 16. Nh4 g6 17. Nf6+ Rxf6 18. Qxf6 Qxf6 19. Rxf6 Be7 20. Rf4 Bg5 21. Kf2 Kh7 22. Nf3 Bxf4 23. Bxf4 Nxf3 24. Kxf3 Be6 25. Be5 1/2-1/2

[Event "ESP-ch U20"]
[Site "La Algaba"]
[Date "2001.??.??"]
[Round "2"]
[White "Martin Canfran, Ruben"]
[Black "Franco Alonso, Alejandro"]
[Result "0-1"]
[WhiteElo "2079"]
[BlackElo "2310"]
[PlyCount "50"]
[EventDate "2001.??.??"]
[EventType "swiss"]
[EventRounds "9"]
[EventCountry "ESP"]
[SourceTitle "EXT 2002"]
[Source "ChessBase"]
[SourceDate "2001.11.25"]
[SourceVersion "1"]
[SourceVersionDate "2001.11.25"]
[SourceQuality "1"]

1. d4 Nf6 2. Nf3 e6 3. g3 c5 4. c3 Nc6 5. Bg2 d5 6. 0-0 Be7 7. h3 0-0 8. Ne5 Qb6 9. Nxc6 bxc6 10. dxc5 Bxc5 11. Nd2 a5 12. b3 Ba6 13. c4 e5 14. Bb2 d4 15. Qc2 Nd7 16. Qf5 Rad8 17. Bc1 Rfe8 18. Ne4 Bf8 19. Ng5 Nf6 20. Be4 h6 21. Nh7 Nxe4 22. Qxe4 Be7 23. c5 Qxc5 24. Bxh6 gxh6 25. Rac1 Qd5 0-1

[Event "ESP-ch U18"]
[Site "Oropesa del Mar"]
[Date "2000.07.05"]
[Round "5"]
[White "Ortega Hermida, Daniel"]
[Black "Martin Canfran, Ruben"]
[Result "1-0"]
[WhiteElo "2170"]
[BlackElo "2097"]
[PlyCount "45"]
[EventDate "2000.07.02"]
[EventType "swiss"]
[EventRounds "7"]
[EventCountry "ESP"]
[SourceTitle "EXT 2001"]
[Source "ChessBase"]
[SourceDate "2000.11.22"]
[SourceVersion "1"]
[SourceVersionDate "2000.11.22"]
[SourceQuality "1"]

1. d4 Nf6 2. Nf3 d5 3. g3 e6 4. Bg2 Be7 5. 0-0 b5 6. Ne5 0-0 7. Nd2 c5 8. dxc5 Bxc5 9. e4 Bb7 10. Nd3 Bb6 11. e5 Nfd7 12. Qg4 Nc6 13. Nf3 f5 14. exf6 Qxf6 15. Nf4 Nc5 16. Nh5 Qg6 17. Qxg6 hxg6 18. Nf4 Ne7 19. Be3 Bc8 20. Ng5 Rf6 21. Bd4 Nc6 22. Bxf6 gxf6 23. Nxd5 1-0